[Event "Victoria op Online"]
[Site "chess.com"]
[Date "2021.01.02"]
[Round "2.10"]
[White "Pollock, Joel"]
[Black "Cronin, Kent"]
[Result "1-0"]
[WhiteElo "1657"]
[BlackElo "1408"]
[PlyCount "91"]
[EventDate "2021.01.02"]
[EventType "swiss (rapid)"]
[EventRounds "5"]
[EventCountry "CAN"]

1. d4 d5 2. Nc3 c6 3. Bf4 Bf5 4. f3 Nf6 5. g4 Bg6 6. h4 h5 7. g5 Nfd7 8. e3 e6
9. Bd3 Nb6 10. Bxg6 fxg6 11. Qd3 Qe7 12. Qxg6+ Qf7 13. Qd3 Na6 14. a3 Nc4 15.
b4 Nc7 16. Kf2 g6 17. Nh3 O-O-O 18. Rhb1 Be7 19. a4 Rhf8 20. Ng1 Kd7 21. b5 c5
22. Nge2 e5 23. dxe5 Nxe5 24. Qd1 Nc4 25. Nc1 Nxe3 26. Bxe3 d4 27. Ne4 Ke8 28.
Bd2 Qd5 29. Qe2 Ne6 30. Nd3 c4 31. Ne1 Rf5 32. Ng2 d3 33. cxd3 cxd3 34. Qe3 Re5
35. Rc1 Kf7 36. Nf4 Nxf4 37. Qxf4+ Rf5 38. Qe3 Kg7 39. Rc7 Rf7 40. Bc3+ Kg8 41.
Rxe7 d2 42. Bxd2 Rxf3+ 43. Qxf3 Qd4+ 44. Kg3 Qxa1 45. Qf7+ Kh8 46. Qh7# 1-0

[Event "Victoria op Online"]
[Site "chess.com"]
[Date "2021.01.02"]
[Round "3.1"]
[White "Pollock, Joel"]
[Black "Kosinski, George"]
[Result "1/2-1/2"]
[WhiteElo "1657"]
[BlackElo "1855"]
[PlyCount "63"]
[EventDate "2021.01.02"]
[EventType "swiss (rapid)"]
[EventRounds "5"]
[EventCountry "CAN"]

1. d4 d6 2. Nc3 g6 3. Bf4 Bg7 4. e3 Nf6 5. Be2 O-O 6. h4 h5 7. Nf3 c6 8. Nh2
Qa5 9. Qd2 e5 10. Bg5 Na6 11. O-O Nc7 12. Rad1 Ne6 13. Bxf6 Bxf6 14. Ne4 Qd8
15. Nxf6+ Qxf6 16. dxe5 dxe5 17. Qc3 Qxh4 18. Nf3 Qf6 19. Qxe5 Qxe5 20. Nxe5
Kg7 21. Rd2 Nc5 22. Bf3 Bf5 23. Rfd1 a5 24. a3 a4 25. g4 hxg4 26. Bxg4 Bxg4 27.
Nxg4 f6 28. Rd6 Rf7 29. f3 Ra6 30. Nf2 Rb6 31. Rb1 Kf8 32. Nd3 1/2-1/2

[Event "Victoria op Online"]
[Site "chess.com"]
[Date "2021.01.02"]
[Round "3.2"]
[White "Beddoes, Richard"]
[Black "Jayawardena, Dinusha"]
[Result "1/2-1/2"]
[WhiteElo "1832"]
[BlackElo "1629"]
[PlyCount "127"]
[EventDate "2021.01.02"]
[EventType "swiss (rapid)"]
[EventRounds "5"]
[EventCountry "CAN"]

1. e4 c6 2. Bc4 d5 3. Bb3 dxe4 4. Qh5 e6 5. Nc3 Nf6 6. Qh4 Be7 7. Nxe4 Nxe4 8.
Qxe4 Nd7 9. d4 Nf6 10. Qd3 c5 11. Nf3 O-O 12. O-O cxd4 13. Qxd4 Qxd4 14. Nxd4
Bd7 15. Re1 Rfd8 16. Bf4 Ba4 17. Nxe6 Bxb3 18. Nxd8 Bb4 19. c3 Bd5 20. cxb4
Rxd8 21. Bg5 Be6 22. Rad1 Rxd1 23. Rxd1 Nd5 24. a3 Kf8 25. Bd2 a6 26. f3 Ke7
27. Kf2 h5 28. Be3 Kd6 29. Bc5+ Kc6 30. Bd4 f6 31. Bc5 b6 32. Bd4 h4 33. Re1
Kd7 34. Re4 g5 35. Re1 Kd6 36. Rd1 Kc6 37. Rc1+ Kd6 38. h3 Bd7 39. Rc2 Bf5 40.
Rd2 Kc6 41. Re2 Bd7 42. Re1 Kd6 43. Rh1 Ba4 44. g3 hxg3+ 45. Kxg3 Bd7 46. h4
gxh4+ 47. Rxh4 Ne7 48. Rf4 Nd5 49. Re4 Be6 50. Re1 Ke7 51. Rh1 Bf7 52. Rh6 Be8
53. f4 Bb5 54. Rh7+ Ke6 55. Rb7 Kf5 56. Bxb6 Nxf4 57. Kf3 Bc6+ 58. Ke3 Bxb7 59.
Bd4 Nd5+ 60. Kd3 Ke6 61. Kc4 Kd6 62. b5 axb5+ 63. Kxb5 f5 64. a4 1/2-1/2

[Event "Victoria op Online"]
[Site "chess.com"]
[Date "2021.01.02"]
[Round "3.3"]
[White "Haines, Duncan"]
[Black "Qiu, Peter Yong"]
[Result "0-1"]
[WhiteElo "1783"]
[BlackElo "1533"]
[PlyCount "88"]
[EventDate "2021.01.02"]
[EventType "swiss (rapid)"]
[EventRounds "5"]
[EventCountry "CAN"]

1. d4 d5 2. c4 c6 3. Nf3 Nf6 4. e3 e6 5. b3 Bd6 6. Bd3 O-O 7. O-O b6 8. Nbd2
Nbd7 9. Bb2 c5 10. Qe2 Bb7 11. e4 cxd4 12. Nxd4 dxe4 13. Nxe4 Nxe4 14. Bxe4
Bxh2+ 15. Kxh2 Qh4+ 16. Kg1 Qxe4 17. Qxe4 Bxe4 18. f3 Bg6 19. Rfd1 Nc5 20. Ba3
Rfe8 21. Bxc5 bxc5 22. Nb5 Red8 23. Rxd8+ Rxd8 24. Nxa7 Bc2 25. Rc1 Ra8 26.
Rxc2 Rxa7 27. Kf2 h5 28. Ke3 Ra3 29. Kd3 Kf8 30. Kc3 Ke7 31. Kb2 Ra7 32. Rd2 h4
33. a3 Rd7 34. Rxd7+ Kxd7 35. b4 g5 36. Kc2 Kc6 37. Kd2 f5 38. Ke2 e5 39. Kf2
g4 40. fxg4 fxg4 41. Ke3 h3 42. gxh3 gxh3 43. Kf3 e4+ 44. Kg3 e3 0-1

[Event "Victoria op Online"]
[Site "chess.com"]
[Date "2021.01.02"]
[Round "3.4"]
[White "Jaspal, Harleen Singh"]
[Black "Jillings, Duncan"]
[Result "1-0"]
[WhiteElo "1348"]
[BlackElo "1688"]
[PlyCount "57"]
[EventDate "2021.01.02"]
[EventType "swiss (rapid)"]
[EventRounds "5"]
[EventCountry "CAN"]

1. e4 d6 2. Nf3 g6 3. d4 Bg7 4. Bd3 Nf6 5. O-O O-O 6. c3 Nbd7 7. Be3 e5 8. d5
Ng4 9. Bg5 f6 10. Bh4 Qe8 11. Nfd2 Nc5 12. Be2 f5 13. b4 Na6 14. Bxa6 bxa6 15.
h3 Nf6 16. Bxf6 Bxf6 17. f3 f4 18. Na3 Bh4 19. Nac4 Bg3 20. Qe2 g5 21. Rfc1 Rf6
22. Nf1 Rh6 23. Nxg3 fxg3 24. Ne3 Bxh3 25. gxh3 Rxh3 26. Ng4 Kh8 27. Kg2 h5 28.
Kxh3 hxg4+ 29. fxg4 1-0

[Event "Victoria op Online"]
[Site "chess.com"]
[Date "2021.01.02"]
[Round "3.5"]
[White "Fraser, Dylan"]
[Black "Qiu, Andrew Yu"]
[Result "1-0"]
[WhiteElo "1691"]
[BlackElo "1516"]
[PlyCount "109"]
[EventDate "2021.01.02"]
[EventType "swiss (rapid)"]
[EventRounds "5"]
[EventCountry "CAN"]

1. d4 Nf6 2. Bg5 e6 3. Bxf6 Qxf6 4. e4 d5 5. e5 Qg6 6. Nf3 Be7 7. Nbd2 Nc6 8.
Bd3 Qh6 9. c3 f5 10. Qb3 g5 11. O-O-O a6 12. Kb1 b5 13. h3 Qf8 14. g4 Bd7 15.
gxf5 Na5 16. Qc2 exf5 17. h4 g4 18. Ng5 Bxg5 19. hxg5 Nc4 20. Nb3 Rb8 21. Rde1
Qf7 22. Nc5 Be6 23. Nxe6 Qxe6 24. Bxf5 Qe7 25. Bxh7 b4 26. Bg6+ Kd7 27. Rxh8
Rxh8 28. Qf5+ Qe6 29. cxb4 Rb8 30. Qf7+ Qe7 31. Bf5+ Kd8 32. Qxe7+ Kxe7 33. a3
Nd2+ 34. Ka2 Nf3 35. Rd1 Nxg5 36. Bxg4 Ne4 37. f3 Ng5 38. f4 Ne4 39. Rc1 Kd8
40. f5 Nf2 41. Bh5 Nd3 42. Rf1 a5 43. f6 axb4 44. a4 Kd7 45. f7 Rf8 46. Rg1 Nf4
47. Rg8 Ke7 48. Rxf8 Kxf8 49. Bg4 Kxf7 50. a5 Nd3 51. a6 c5 52. a7 Nc1+ 53. Kb1
Nb3 54. a8=Q cxd4 55. Qxd5+ 1-0

[Event "Victoria op Online"]
[Site "chess.com"]
[Date "2021.01.02"]
[Round "3.6"]
[White "Imoo, Joshua"]
[Black "Deimert, Elroy"]
[Result "1-0"]
[WhiteElo "1678"]
[BlackElo "1415"]
[PlyCount "59"]
[EventDate "2021.01.02"]
[EventType "swiss (rapid)"]
[EventRounds "5"]
[EventCountry "CAN"]

1. e4 d5 2. exd5 Nf6 3. d4 Nxd5 4. Nf3 g6 5. Bd3 Bg7 6. c3 O-O 7. O-O Nc6 8.
Nbd2 e5 9. dxe5 Nxe5 10. Nxe5 Bxe5 11. Nf3 Bg7 12. Bc2 Be6 13. Nd4 Re8 14. Nxe6
Rxe6 15. Bb3 Rd6 16. Qf3 Nf6 17. Qxb7 Rd7 18. Qf3 Qe7 19. Qxa8+ Rd8 20. Qxa7
Qd6 21. Be3 Ng4 22. g3 h5 23. Bf4 Be5 24. Rad1 Qf6 25. Bxe5 Nxe5 26. Rxd8+ Qxd8
27. Qe3 Ng4 28. Qe4 Kg7 29. Qd4+ Qxd4 30. cxd4 1-0

[Event "Victoria op Online"]
[Site "chess.com"]
[Date "2021.01.02"]
[Round "3.7"]
[White "Ingram, Richard"]
[Black "Leong, Aiden"]
[Result "0-1"]
[WhiteElo "1457"]
[BlackElo "1289"]
[PlyCount "94"]
[EventDate "2021.01.02"]
[EventType "swiss (rapid)"]
[EventRounds "5"]
[EventCountry "CAN"]

1. e4 Nf6 2. e5 Nd5 3. d4 d6 4. c4 Nb6 5. exd6 cxd6 6. Bd3 g6 7. Nc3 Bg7 8.
Nge2 Nc6 9. Be3 O-O 10. b3 f5 11. Bc2 e5 12. d5 Ne7 13. Bd2 f4 14. Be4 Bf5 15.
Qc2 Bxe4 16. Qxe4 Nf5 17. O-O-O Nd7 18. Qc2 Qb6 19. Ne4 Nc5 20. N2c3 Nd4 21.
Qb1 a5 22. Rhe1 f3 23. g3 Nxe4 24. Rxe4 Qc7 25. Be3 Nf5 26. Nb5 Qd8 27. Kb2
Nxe3 28. Rxe3 a4 29. Qe4 axb3 30. Rxb3 Qb6 31. Rd2 Qa5 32. Kc1 Bh6 33. Re3 Bxe3
34. Qxe3 Qd8 35. Rc2 Ra6 36. Kb1 Qb6 37. Qb3 e4 38. c5 dxc5 39. d6+ Kg7 40.
Qc3+ Rf6 41. d7 Qxb5+ 42. Rb2 Qxd7 43. Rd2 Qb5+ 44. Rb2 Qf1+ 45. Qc1 Qxc1+ 46.
Kxc1 Rab6 47. Rc2 e3 0-1

[Event "Victoria op Online"]
[Site "chess.com"]
[Date "2021.01.02"]
[Round "3.8"]
[White "Soliven, Joe"]
[Black "Zhang, Joyce"]
[Result "0-1"]
[WhiteElo "2080"]
[BlackElo "1525"]
[PlyCount "150"]
[EventDate "2021.01.02"]
[EventType "swiss (rapid)"]
[EventRounds "5"]
[EventCountry "CAN"]

1. Nf3 d5 2. e3 Nf6 3. b3 a6 4. Bb2 g6 5. c4 dxc4 6. Nc3 Bg7 7. bxc4 b6 8. Be2
Nbd7 9. d4 Bb7 10. Qc2 c5 11. d5 Qc7 12. O-O O-O 13. h3 Rfe8 14. Rab1 e6 15.
dxe6 Rxe6 16. Ng5 Re7 17. Rfd1 Ne5 18. Nd5 Nxd5 19. cxd5 Rd8 20. f4 Nc6 21.
dxc6 Bxc6 22. Bxg7 Kxg7 23. Qb2+ f6 24. Bc4 Rde8 25. Rd3 b5 26. Bd5 Bxd5 27.
Rxd5 Rxe3 28. Qf2 fxg5 29. fxg5 Qe7 30. Rf1 Re1 31. Rxe1 Qxe1+ 32. Qxe1 Rxe1+
33. Kf2 Rc1 34. Rd7+ Kf8 35. Rc7 c4 36. Ke3 Rc2 37. a3 Rxg2 38. Kf4 Rf2+ 39.
Ke4 Ra2 40. Rxh7 Rxa3 41. Rc7 Rxh3 42. Ke5 Rf3 43. Ke6 b4 44. Rc8+ Kg7 45. Rc7+
Kg8 46. Rxc4 b3 47. Rb4 Rf5 48. Rb8+ Rf8 49. Rxb3 a5 50. Rb5 Ra8 51. Rb3 a4 52.
Ra3 Ra6+ 53. Ke7 Ra5 54. Kf6 Ra6+ 55. Ke5 Kf7 56. Kd5 Ra5+ 57. Ke4 Rxg5 58. Kf4
Ra5 59. Kg4 g5 60. Kf3 Kf6 61. Ke4 Kg6 62. Kf3 Kf5 63. Kg3 g4 64. Kf2 Kf4 65.
Ke2 g3 66. Rf3+ Kg4 67. Ra3 Kh3 68. Kf1 Rf5+ 69. Kg1 Rf4 70. Ra1 Rc4 71. Kf1
Rc2 72. Rb1 a3 73. Ra1 a2 74. Kg1 Rb2 75. Rf1 Rb1 0-1

[Event "Victoria op Online"]
[Site "chess.com"]
[Date "2021.01.02"]
[Round "3.9"]
[White "Kagaoan, Jose"]
[Black "Kirby, Levi"]
[Result "1-0"]
[WhiteElo "1853"]
[BlackElo "1486"]
[PlyCount "47"]
[EventDate "2021.01.02"]
[EventType "swiss (rapid)"]
[EventRounds "5"]
[EventCountry "CAN"]

1. a3 c5 2. e4 e6 3. b4 Nc6 4. Nf3 cxb4 5. axb4 Nxb4 6. c3 Nc6 7. d4 d5 8. e5
Nge7 9. Na3 Ng6 10. h4 Bxa3 11. Bxa3 Nge7 12. Bd3 Bd7 13. Qd2 h6 14. Qf4 Qa5
15. Bb2 Qc7 16. O-O f5 17. Ba3 a6 18. Bd6 Qd8 19. c4 Rg8 20. h5 Nc8 21. cxd5
exd5 22. Bxf5 Nxd6 23. Bg6+ Ke7 24. exd6+ 1-0

[Event "Victoria op Online"]
[Site "chess.com"]
[Date "2021.01.02"]
[Round "3.10"]
[White "Pitre, Hanniegn"]
[Black "Cheng, Clement"]
[Result "1-0"]
[WhiteElo "1818"]
[BlackElo "1475"]
[PlyCount "149"]
[EventDate "2021.01.02"]
[EventType "swiss (rapid)"]
[EventRounds "5"]
[EventCountry "CAN"]

1. e4 c5 2. b4 e5 3. Bb2 Nc6 4. Nf3 Qc7 5. b5 Nd4 6. Nc3 Nf6 7. Bc4 Be7 8. O-O
O-O 9. d3 d6 10. h3 Be6 11. Ng5 Bxc4 12. dxc4 h6 13. Nf3 a6 14. a4 axb5 15.
axb5 Rxa1 16. Bxa1 Ra8 17. Nd5 Nxd5 18. exd5 Bf6 19. Bxd4 cxd4 20. Qd3 Qc5 21.
Nd2 Ra3 22. Qf5 Be7 23. Qd7 Bf8 24. Rb1 b6 25. Qc6 d3 26. cxd3 Rxd3 27. Qxc5
dxc5 28. Ne4 f5 29. Ng3 g6 30. Rc1 Rd2 31. Kf1 Be7 32. Ke1 Ra2 33. Ne2 Bg5 34.
Rd1 Kf8 35. g3 Rc2 36. d6 Ke8 37. h4 Bf6 38. d7+ Kd8 39. Rd6 Be7 40. Rxg6 Kxd7
41. Rxh6 Rxc4 42. Rxb6 Rb4 43. Rb7+ Ke8 44. Nc3 Bd8 45. Rb8 Kd7 46. Rb7+ Kc8
47. Ra7 Kb8 48. Ra6 Kb7 49. Kd1 Rd4+ 50. Kc2 e4 51. Rg6 Ba5 52. Rg7+ Kb8 53.
Rg8+ Kb7 54. Nb1 Rc4+ 55. Kd1 Ra4 56. Rg7+ Kb8 57. Rd7 Ra1 58. Kc2 Ra2+ 59. Kb3
Rxf2 60. h5 Rh2 61. Rh7 e3 62. Nc3 Bxc3 63. Kxc3 e2 64. Re7 Rxh5 65. Rxe2 Rh3
66. Kc4 Rxg3 67. Kxc5 f4 68. Re8+ Kb7 69. Re7+ Kc8 70. Rf7 f3 71. b6 Rg5+ 72.
Kc6 Rg6+ 73. Kb5 Rg5+ 74. Ka6 Rg2 75. b7+ 1-0

[Event "Victoria op Online"]
[Site "chess.com"]
[Date "2021.01.03"]
[Round "4.1"]
[White "Qiu, Peter Yong"]
[Black "Jaspal, Harleen Singh"]
[Result "1-0"]
[WhiteElo "1533"]
[BlackElo "1348"]
[PlyCount "77"]
[EventDate "2021.01.02"]
[EventType "swiss (rapid)"]
[EventRounds "5"]
[EventCountry "CAN"]

1. e4 e5 2. Nf3 Nc6 3. Bb5 Nge7 4. O-O Ng6 5. c3 Be7 6. Re1 O-O 7. d4 d6 8. h3
Bd7 9. d5 Nb8 10. Bxd7 Nxd7 11. c4 f5 12. exf5 Rxf5 13. Nc3 Nh4 14. Nxh4 Bxh4
15. Be3 Qf8 16. Qg4 Bd8 17. Ne4 Rf7 18. b4 b6 19. a4 Nf6 20. Nxf6+ Rxf6 21. a5
Rb8 22. axb6 axb6 23. Ra7 Rg6 24. Qe4 Rf6 25. Rea1 h6 26. R1a6 Qe8 27. c5 bxc5
28. bxc5 Qb5 29. Kh2 Rb7 30. Rb6 Rxb6 31. cxb6 Rf7 32. b7 Rf8 33. Qg4 Bg5 34.
Bxg5 hxg5 35. Ra8 Qxb7 36. Qe6+ Kh7 37. Rxf8 Qb4 38. Qf5+ g6 39. Qf7+ 1-0

[Event "Victoria op Online"]
[Site "chess.com"]
[Date "2021.01.03"]
[Round "4.2"]
[White "Kosinski, George"]
[Black "Imoo, Joshua"]
[Result "0-1"]
[WhiteElo "1855"]
[BlackElo "1678"]
[PlyCount "32"]
[EventDate "2021.01.02"]
[EventType "swiss (rapid)"]
[EventRounds "5"]
[EventCountry "CAN"]

1. c4 e6 2. g3 Nf6 3. Bg2 Be7 4. Nc3 d5 5. d4 O-O 6. Nf3 dxc4 7. O-O c5 8. dxc5
Bxc5 9. Qxd8 Rxd8 10. Bg5 Nc6 11. Bxf6 gxf6 12. Ne4 Be7 13. Rfd1 Bd7 14. a4 Na5
15. Nc3 Nb3 16. Rac1 Nxc1 0-1

[Event "Victoria op Online"]
[Site "chess.com"]
[Date "2021.01.03"]
[Round "4.3"]
[White "Leong, Aiden"]
[Black "Beddoes, Richard"]
[Result "1-0"]
[WhiteElo "1289"]
[BlackElo "1832"]
[PlyCount "52"]
[EventDate "2021.01.02"]
[EventType "swiss (rapid)"]
[EventRounds "5"]
[EventCountry "CAN"]

1. b3 d5 2. Bb2 Nf6 3. e3 c6 4. Nf3 Bg4 5. h3 Bh5 6. d4 e6 7. Bd3 Nbd7 8. Nbd2
Bb4 9. c3 Bd6 10. O-O O-O 11. Qc2 e5 12. dxe5 Nxe5 13. Nxe5 Bxe5 14. f4 Bc7 15.
g4 Bxg4 16. hxg4 Nxg4 17. Rf3 Bb6 18. Nf1 Qh4 19. Qg2 Rae8 20. Rh3 Rxe3 21.
Nxe3 Bxe3+ 22. Kf1 Qf2+ 23. Qxf2 Bxf2 24. Bxh7+ Kh8 25. Bf5+ Kg8 26. Bxg4 Bb6
1-0

[Event "Victoria op Online"]
[Site "chess.com"]
[Date "2021.01.03"]
[Round "4.4"]
[White "Fraser, Dylan"]
[Black "Pollock, Joel"]
[Result "0-1"]
[WhiteElo "1691"]
[BlackElo "1657"]
[PlyCount "62"]
[EventDate "2021.01.02"]
[EventType "swiss (rapid)"]
[EventRounds "5"]
[EventCountry "CAN"]

1. d4 e6 2. Nf3 f5 3. Bg5 Nf6 4. e3 Be7 5. Bxf6 Bxf6 6. Bd3 O-O 7. Nbd2 Qe8 8.
c3 d6 9. Qc2 d5 10. h3 Nd7 11. g4 g6 12. gxf5 exf5 13. O-O-O c5 14. Rdg1 Bg7
15. h4 c4 16. Be2 Nf6 17. Ne5 Ne4 18. f4 Bxe5 19. fxe5 Qe7 20. Nxe4 fxe4 21. h5
g5 22. h6 Kh8 23. Bg4 Bxg4 24. Rxg4 Rf5 25. Rhg1 Raf8 26. Qg2 Rf2 27. Qh3 Qe6
28. Qh5 Qb6 29. b3 cxb3 30. Qxg5 b2+ 31. Kb1 Rf1+ 0-1

[Event "Victoria op Online"]
[Site "chess.com"]
[Date "2021.01.03"]
[Round "4.5"]
[White "Kot, Emanuel"]
[Black "Kagaoan, Jose"]
[Result "0-1"]
[WhiteElo "1528"]
[BlackElo "1853"]
[PlyCount "122"]
[EventDate "2021.01.02"]
[EventType "swiss (rapid)"]
[EventRounds "5"]
[EventCountry "CAN"]

1. e4 g5 2. d4 Bg7 3. Nc3 h6 4. h4 g4 5. Be3 d6 6. Qd2 Nf6 7. Nge2 h5 8. O-O-O
c6 9. Ng3 e6 10. f4 Qc7 11. e5 Nd5 12. Nxd5 cxd5 13. Kb1 Nc6 14. Rc1 Bd7 15. c4
dxc4 16. Bxc4 d5 17. Bb3 Qb6 18. Ba4 Na5 19. Bxd7+ Kxd7 20. Qd3 Nc4 21. Rc2 Bf8
22. Ka1 Be7 23. f5 Rac8 24. Bf4 Rc6 25. f6 Bb4 26. Rhc1 Rhc8 27. Ne2 Qa6 28. g3
Na3 29. Rxc6 Qxd3 30. Rxc8 Nc4 31. Rb8 Kc7 32. Re8 Qxe2 33. Rb1 Na3 34. Rc1+
Kd7 35. bxa3 Bxa3 36. Re7+ Bxe7 37. fxe7 Kxe7 38. Rb1 b5 39. a3 Kd7 40. Rb2
Qd1+ 41. Ka2 Qxd4 42. Rxb5 Qc4+ 43. Rb3 a5 44. Kb2 d4 45. Rb7+ Kc6 46. Rxf7 d3
47. Rf8 Kb5 48. Rd8 Ka4 49. Be3 Qb3+ 50. Ka1 Qxa3+ 51. Kb1 Qb3+ 52. Ka1 Qd1+
53. Kb2 Qe2+ 54. Kc3 Qc2+ 55. Kd4 d2 56. Bxd2 Qxd2+ 57. Kc5 Qxd8 58. Kc6 Qd5+
59. Kb6 Kb4 60. Ka6 Kc5 61. Ka7 Kc6 0-1

[Event "Victoria op Online"]
[Site "chess.com"]
[Date "2021.01.03"]
[Round "4.6"]
[White "Zhang, Joyce"]
[Black "Pitre, Hanniegn"]
[Result "0-1"]
[WhiteElo "1525"]
[BlackElo "1818"]
[PlyCount "117"]
[EventDate "2021.01.02"]
[EventType "swiss (rapid)"]
[EventRounds "5"]
[EventCountry "CAN"]

1. e4 c5 2. Nf3 d6 3. Bb5+ Nc6 4. Bxc6+ bxc6 5. O-O e5 6. c3 Bg4 7. d3 Nf6 8.
Re1 h6 9. Nbd2 Qd7 10. Nf1 Be7 11. Ng3 Nh5 12. Nxh5 Bxh5 13. b3 O-O 14. Bb2
Rad8 15. h3 f5 16. Nxe5 Bxd1 17. Nxd7 Rxd7 18. Raxd1 f4 19. d4 cxd4 20. Rxd4 d5
21. c4 Bc5 22. Rd3 d4 23. e5 Rfd8 24. e6 Re7 25. a3 a5 26. Re5 Bb6 27. c5 Bc7
28. Re4 Rde8 29. Rdxd4 Rxe6 30. Rxe6 Rxe6 31. Rd7 Be5 32. Bc1 g5 33. Bd2 Bb2
34. Rd6 Kf7 35. Bxa5 Bxa3 36. Rd7+ Re7 37. Rxe7+ Kxe7 38. b4 Ke6 39. Kf1 Kd5
40. Ke2 Kc4 41. Bd8 Bxb4 42. Bf6 Bxc5 43. Bg7 h5 44. Kf3 Be7 45. Ke4 Kb3 46.
Kd3 c5 47. Be5 c4+ 48. Kd2 Bc5 49. f3 Be3+ 50. Kd1 c3 51. Bxc3 Kxc3 52. Ke2 Bb6
53. Kf1 Kd2 54. g3 fxg3 55. Kg2 h4 56. f4 gxf4 57. Kf3 Bc7 58. Kg4 g2 59. Kxh4
0-1

[Event "Victoria op Online"]
[Site "chess.com"]
[Date "2021.01.03"]
[Round "4.7"]
[White "Qiu, Andrew Yu"]
[Black "Haines, Duncan"]
[Result "1-0"]
[WhiteElo "1516"]
[BlackElo "1783"]
[PlyCount "97"]
[EventDate "2021.01.02"]
[EventType "swiss (rapid)"]
[EventRounds "5"]
[EventCountry "CAN"]

1. e4 c6 2. d4 d5 3. Nc3 dxe4 4. Nxe4 Nd7 5. Nf3 Ngf6 6. Qe2 Nxe4 7. Qxe4 Nf6
8. Qd3 g6 9. Bf4 Bg7 10. Be2 Qb6 11. O-O Nd5 12. Bg3 Qxb2 13. Rfb1 Qc3 14. Qd1
O-O 15. Rb3 Qa5 16. Qc1 f5 17. c4 Nf6 18. Be5 Qd8 19. a4 e6 20. Rab1 Ne4 21.
Bxg7 Kxg7 22. c5 h6 23. Ne5 Qxd4 24. Rxb7+ Bxb7 25. Rxb7+ Kg8 26. Nxg6 Qxf2+
27. Kh1 Rf7 28. Qa1 e5 29. Rxf7 Kxf7 30. Nxe5+ Ke6 31. Bc4+ Ke7 32. Nxc6+ Kd7
33. Qd1+ Kxc6 34. Bd5+ Kc7 35. Bxa8 Qxc5 36. Bxe4 fxe4 37. h3 Qc4 38. Qg4 Qc1+
39. Kh2 e3 40. Qg7+ Kb6 41. Qxh6+ Ka5 42. Qf4 Qc5 43. Qf3 Kxa4 44. Qd1+ Kb4 45.
Qb1+ Ka5 46. Qa2+ Kb6 47. Kg3 a5 48. Kf3 Qd5+ 49. Qxd5 1-0

[Event "Victoria op Online"]
[Site "chess.com"]
[Date "2021.01.03"]
[Round "4.8"]
[White "Jillings, Duncan"]
[Black "Gao, Justin"]
[Result "0-1"]
[WhiteElo "1688"]
[BlackElo "1415"]
[PlyCount "116"]
[EventDate "2021.01.02"]
[EventType "swiss (rapid)"]
[EventRounds "5"]
[EventCountry "CAN"]

1. d4 d5 2. c4 e6 3. Nc3 Nf6 4. Nf3 Nc6 5. Bg5 Be7 6. e3 h6 7. Bh4 O-O 8. Be2
dxc4 9. Bxc4 Nd5 10. Bxe7 Ncxe7 11. O-O b6 12. Rc1 a6 13. Re1 Bb7 14. a3 Nf6
15. Qe2 Qd6 16. Ne5 c5 17. f4 Ned5 18. Nxd5 Nxd5 19. Bxd5 exd5 20. Rc2 c4 21.
g4 Rfe8 22. h4 Bc8 23. h5 Ra7 24. Qf3 Rae7 25. Ree2 Bb7 26. Rg2 Qf6 27. Qh3 Bc8
28. Qg3 Rxe5 29. fxe5 Qg5 30. Qf4 Qxf4 31. exf4 f6 32. Kh2 f5 33. g5 hxg5 34.
Rxg5 Kh7 35. Rcg2 Re7 36. Rg6 Be6 37. Kg3 a5 38. Kf3 b5 39. Ke3 Kh8 40. h6 Bg8
41. Rxg7 Re8 42. Rb7 b4 43. Rgg7 c3 44. h7 Bf7 45. Rgxf7 cxb2 46. axb4 b1=Q 47.
bxa5 Qe1+ 48. Kd3 Qe4+ 49. Kc3 Qxf4 50. a6 Qc1+ 51. Kb4 Qc4+ 52. Ka5 Ra8 53. a7
Qa2+ 54. Kb6 Qb3+ 55. Kc6 Rc8+ 56. Kd6 Qc4 57. Rb8 Qa6+ 58. Kxd5 Qc6# 0-1

[Event "Victoria op Online"]
[Site "chess.com"]
[Date "2021.01.03"]
[Round "4.9"]
[White "Pangilinan, Emmanuel"]
[Black "Parpatt, Mark"]
[Result "0-1"]
[WhiteElo "1560"]
[BlackElo "1422"]
[PlyCount "126"]
[EventDate "2021.01.02"]
[EventType "swiss (rapid)"]
[EventRounds "5"]
[EventCountry "CAN"]

1. e4 c5 2. f4 d5 3. exd5 Qxd5 4. Nc3 Qd8 5. Nf3 Nc6 6. Bb5 Bd7 7. d3 a6 8. Bc4
b5 9. Bd5 e6 10. Be4 Nf6 11. O-O Nxe4 12. dxe4 Be7 13. Be3 O-O 14. Ne2 Qc7 15.
c3 Rad8 16. Qc2 Na5 17. b3 c4 18. b4 Nb7 19. Bd4 Bc6 20. Ng3 Nd6 21. Ne5 Bb7
22. Rae1 Bh4 23. Re3 Bxg3 24. Rxg3 Bxe4 25. Qe2 f6 26. Ng4 Kh8 27. Nf2 Bf5 28.
Re3 Rde8 29. g4 Bg6 30. Re1 Bf7 31. Bc5 Rg8 32. Rd1 Rd8 33. Re1 a5 34. a3 axb4
35. axb4 Nb7 36. Bd4 Qxf4 37. Rf3 Qc7 38. Rh3 e5 39. Be3 Bg6 40. Qf3 Rd7 41.
Ra1 Nd8 42. Ra7 Qd6 43. Rxd7 Qxd7 44. Qd1 Qxd1+ 45. Nxd1 Ne6 46. Nf2 Ra8 47.
Kf1 Kg8 48. Ke1 Nc7 49. Nd1 Nd5 50. Bd2 Ra1 51. Ke2 Ra2 52. Ke1 Ra1 53. Ke2
Bd3+ 54. Rxd3 cxd3+ 55. Kxd3 Rxd1 56. Kc2 Rh1 57. Kb3 Rxh2 58. Be1 Re2 59. Bg3
Re3 60. Bf2 Rxc3+ 61. Kb2 Rf3 62. Bc5 Nf4 63. Kc2 Rg3 0-1

[Event "Victoria op Online"]
[Site "chess.com"]
[Date "2021.01.03"]
[Round "4.10"]
[White "Escandor, Manuel Omana"]
[Black "Freitag, Matthew"]
[Result "0-1"]
[WhiteElo "1432"]
[BlackElo "1312"]
[PlyCount "116"]
[EventDate "2021.01.02"]
[EventType "swiss (rapid)"]
[EventRounds "5"]
[EventCountry "CAN"]

1. e4 c5 2. f4 d5 3. e5 Nc6 4. Nf3 Bg4 5. Bb5 Qb6 6. a4 a6 7. Bxc6+ Qxc6 8. O-O
e6 9. Nc3 Ne7 10. Ne2 Nf5 11. h3 Bxf3 12. Rxf3 Nh4 13. Rf2 c4 14. Nd4 Qb6 15.
a5 Qxd4 16. c3 Qa7 17. Qa4+ Kd8 18. Kf1 Bc5 19. Re2 Nf5 20. d4 cxd3 21. Rd2
Ne3+ 22. Ke1 Nc2+ 23. Rxc2 dxc2 24. Qxc2 Be3 25. c4 Bxc1 26. Rxc1 Rc8 27. c5
Rc6 28. b4 Ke7 29. g4 Rd8 30. Qxh7 g6 31. Qh4+ Kd7 32. Qf6 Rf8 33. Rd1 Qb8 34.
f5 gxf5 35. gxf5 Qd8 36. Qg7 Kc8 37. f6 Rc7 38. Kf2 Rg8 39. Qh6 Rh8 40. Qe3 Rh4
41. Rg1 Rxb4 42. Rg7 Rh4 43. Qg3 Rh8 44. h4 Rd7 45. h5 Kc7 46. h6 Qe8 47. h7
Rd8 48. Qg6 Kc6 49. Rxf7 Rd7 50. Qb1 b5 51. Rxd7 Qxd7 52. Qg6 Rxh7 53. Qg8 d4
54. Qa8+ Qb7 55. Qe8+ Kd5 56. c6 Qxc6 57. f7 Qc2+ 58. Kg3 Rg7+ 0-1

[Event "Victoria op Online"]
[Site "chess.com"]
[Date "2021.01.03"]
[Round "5.1"]
[White "Imoo, Joshua"]
[Black "Qiu, Peter Yong"]
[Result "0-1"]
[WhiteElo "1678"]
[BlackElo "1533"]
[PlyCount "48"]
[EventDate "2021.01.02"]
[EventType "swiss (rapid)"]
[EventRounds "5"]
[EventCountry "CAN"]

1. e4 c5 2. Nc3 d6 3. f4 Nc6 4. Bb5 Bd7 5. Bxc6 Bxc6 6. Nf3 Nf6 7. d3 e6 8. O-O
Be7 9. f5 O-O 10. Qe1 exf5 11. exf5 d5 12. h3 Re8 13. Qf2 d4 14. Ne2 Bd6 15. g4
Nd5 16. f6 Qxf6 17. g5 Qe6 18. Qh4 Qxe2 19. g6 hxg6 20. Rf2 Qe6 21. Bd2 Be7 22.
Bg5 f6 23. Bh6 g5 24. Qh5 Nf4 0-1

[Event "Victoria op Online"]
[Site "chess.com"]
[Date "2021.01.03"]
[Round "5.2"]
[White "Pollock, Joel"]
[Black "Leong, Aiden"]
[Result "0-1"]
[WhiteElo "1657"]
[BlackElo "1289"]
[PlyCount "120"]
[EventDate "2021.01.02"]
[EventType "swiss (rapid)"]
[EventRounds "5"]
[EventCountry "CAN"]

1. d4 Nf6 2. Nc3 c5 3. d5 d6 4. e4 g6 5. Bf4 Bg7 6. Be2 O-O 7. h4 b5 8. f3 b4
9. Na4 Bd7 10. c3 Qa5 11. b3 bxc3 12. Qc2 Nh5 13. Bh2 Na6 14. Bxa6 Bxa4 15. Bc4
Bb5 16. Bxb5 Qxb5 17. g4 Nf6 18. Ne2 Qb4 19. O-O c4 20. bxc4 Qxc4 21. Rfb1 Rab8
22. Rb3 Rxb3 23. axb3 Qc5+ 24. Kg2 Rc8 25. Bg1 Qb4 26. Ra4 Qb5 27. Nd4 Qd7 28.
Nc6 Rc7 29. g5 Nh5 30. Be3 e6 31. Rxa7 Rxa7 32. Nxa7 exd5 33. exd5 Nf4+ 34.
Bxf4 Qxa7 35. Bxd6 Qd7 36. Bb4 Qxd5 37. Qe2 Qe5 38. Qxe5 Bxe5 39. Kf2 c2 40.
Bd2 Bb2 41. Ke2 c1=Q 42. Bxc1 Bxc1 43. Kd3 Kf8 44. Kc4 Ke7 45. Kc5 Ke6 46. b4
Kf5 47. Kd6 Ba3 48. Ke7 Bxb4+ 49. Kxf7 Bc3 50. Kg8 Ke6 51. Kxh7 Kf7 52. f4 Bg7
53. f5 gxf5 54. h5 f4 55. h6 Bxh6 56. gxh6 f3 57. Kh8 f2 58. h7 Kg6 59. Kg8
f1=Q 60. h8=Q Qf7# 0-1